| 000 | 01716nam a22002657a 4500 | ||
|---|---|---|---|
| 003 | OSt | ||
| 005 | 20220318102423.0 | ||
| 008 | 200310b xxu||||| |||| 00| 0 eng d | ||
| 010 | _a2011941653 | ||
| 020 | _a9780538482431 | ||
| 020 | _a0538482435 | ||
| 040 | _cLC | ||
| 050 | _aHG4026.B76 | ||
| 100 | _aBrigham, Eugene F. | ||
| 245 |
_aFundamentals of financial management. / _cEugene F. Brigham and Joel F. Houston. |
||
| 250 | _a13th ed. | ||
| 260 |
_aMason, OH: _bSouth-Western Cengage Learning, _c2013. |
||
| 300 |
_axxi, 733 p. : _bill. ; _c29 cm. |
||
| 500 | _aIncludes appendixes and index. | ||
| 505 | _a???Content: Part 1: Introduction to financial management:: An overview of financial management -- Financial markets and institutions -- Part 2: Fundamental concepts in financial management: Financial statements, cash flow, and taxes -- Analysis of financial statements -- Time value of money -- Part 3: Financial assets: Interest rates -- Bonds and their valuation -- Risk and rates of return -- Stocks and their valuation -- Part 4: Investing in long-term assets: capital budgeting: The cost of capital -- The basics of capital budgeting -- Cash flow estimation and risk analysis -- Part 4: Capital structure and dividend policy: Capital structure and leverage -- Distributions to shareholders: dividends and share repurchases -- Part 6: Working capital management, forecasting, and multinational financial management: Working capital management -- Financial planning and forecasting -- Multinational financial management. | ||
| 650 |
_2 _vCorporations -- Finance. |
||
| 650 | _2Business enterprises -- United States -- Finance. | ||
| 700 | _aHouston, Joel F. | ||
| 942 |
_2lcc _cBK |
||
| 999 |
_c7475 _d14975 |
||